00481nam a22001577a 450000500170000000800410001702000180005804100130007608200150008910000330010424500510013725000190018826000530020730000370026065000260029720240130132357.0240130b |||||||| |||| 00| 0 eng d a9780702185441 aEnglish  a346.6 CAS  aCassim, FH et al. lEnglish  aContemporary Company Law / cFH Cassim et al.  aFirst Edition  aCape Town : bJuta and Company (Pty) Ltd, c2011 bxxviii, 1001 pages ; c25,5 cm.  aLegal practice bLaw